|
|
|
|
| LEADER |
00000nam a2200000 i 4500 |
| 001 |
DIGUAZUAY0082 |
| 003 |
NyNyDIG |
| 007 |
cr ||||||||||| |
| 008 |
260114s2018 ec a ob 000 0 spa d |
| 006 |
m o d |
| 035 |
|
|
|a (OCoLC)1439002876
|
| 040 |
|
|
|a DGITA
|b eng
|e rda
|e pn
|c DGITA
|
| 020 |
|
|
|a 9789942778703
|q eBook
|
| 020 |
|
|
|z 9789942778697
|
| 050 |
1 |
4 |
|a RC270.8 ebook
|
| 100 |
1 |
|
|a Cevallos Barrera, Edwin,
|e author.
|
| 245 |
1 |
0 |
|a Fundamentos de farmacología oncológica /
|c Edwin Cevallos Barrera, Galo Duque Proaño.
|
| 264 |
|
1 |
|a Cuenca, Ecuador :
|b Universidad del Azuay, Casa Editora,
|c [2018]
|
| 300 |
|
|
|a 1 online resource :
|b illustrations.
|
| 336 |
|
|
|a text
|b txt
|2 rdacontent
|
| 337 |
|
|
|a computer
|b c
|2 rdamedia
|
| 338 |
|
|
|a online resource
|b cr
|2 rdacarrier
|
| 347 |
|
|
|a text file
|2 rdaft
|
| 347 |
|
|
|b PDF
|
| 504 |
|
|
|a Includes bibliographical references.
|
| 588 |
0 |
|
|a Online resource; title from PDF title page (Digitalia, viewed January 14, 2026)
|
| 650 |
|
0 |
|a Antineoplastic agents
|x Design.
|
| 700 |
1 |
|
|a Duque Proaño, Galo,
|e author.
|
| 791 |
2 |
|
|a Digitalia (Firm),
|e distributor.
|
| 793 |
0 |
|
|g Digitalia eBook Collection:
|a Universidad del Azuay
|
| 776 |
0 |
8 |
|i Print version:
|a Cevallos Barrera, Edwin.
|t Fundamentos de farmacología oncológica.
|d Cuenca, Ecuador : Universidad del Azuay, Casa Editora, [2018]
|z 9789942778697
|
| 856 |
4 |
0 |
|3 Digitalia Hispánica
|u https://www.digitaliapublishing.com/a/133465/
|
| 910 |
|
|
|a Premium collection: 2026
|